|
|
|
|
| LEADER |
00000nam a22000007a 4500 |
| 005 |
20120620131436.0 |
| 007 |
cr|||| |||| |
| 008 |
120620s2010 cl |||||s|||| 00||0 spa d |
| 020 |
|
|
|a 978-956-10-0189-3
|
| 035 |
|
|
|a 6166
|
| 040 |
|
|
|a vLex
|
| 090 |
|
|
|c 3208
|d 3208
|
| 100 |
1 |
|
|a Ducci Claro, Carlos
|
| 245 |
1 |
0 |
|a Derecho civil. Parte general
|h [Recurso electrn̤ico] :
|b El Derecho Privado y el Derecho Civil,Teoria de la Ley, sujetos del Derecho, objetos del Derecho, la relacion juridica de Derecho Privado, teoria de los Actos Juridicos, teoria de la prueba /
|c Carlos Ducci Claro
|
| 256 |
|
|
|a Servicio en ln̕ea
|
| 260 |
|
|
|a Santiago de chile:
|b Editorial Jurd̕ica de Chile,
|c 2010
|
| 300 |
|
|
|a 1 recurso electrn̤ico
|
| 490 |
0 |
|
|a Tratados
|
| 500 |
|
|
|a Introduccin̤: El ordenamiento jurd̕ico; Derecho Pb︢lico y Derecho Privado; El Derecho Pb︢lico; El Derecho Privado y el Derecho Civil; Cd̤igo Civil chileno. La norma jurd̕ica de Derecho privado: Las fuentes del derecho; La ley. Los sujetos del derecho: Persona y relacin̤ jurd̕ica; Las personas naturales; Atributos de la personalidad; Las personas jurd̕icas. Los objetos del derecho: Cosas-bienes y objetos. La relacin̤ jurd̕ica de derecho privado: Los derechos subjetivos. Teora̕ de los actos jurd̕icos: Hechos y actos jurd̕icos; Requisitos de existencia y validez del acto jurd̕ico; La capacidad; El objeto; La causa; Las formalidades; Efectos de los actos jurd̕icos; Sanciones civiles; Modalidades de los actos jurd̕icos; La representacin̤ en los actos jurd̕icos. Teora̕ de la prueba: Conceptos generales; Los medios de la prueba; El instrumento pb︢lico y privado; La prueba de testigos; La confesin̤; Las presunciones; Inspeccin̤ personal del tribunal; Informe de peritos; Otros elementos de prueba.
|
| 506 |
1 |
|
|a Contenido solo disponible en los productos indicados
|d vLex Global
|d vLex Global (Academic Edition, excluding Law Schools)
|d vLex Global (U.S. Academic Edition, Law Schools)
|d vLex Global (U.S. Academic Edition, excluding Law Schools)
|d vLex Global (Academic Edition, Law Schools)
|
| 650 |
0 |
4 |
|a Derecho civil
|z Chile
|
| 740 |
0 |
|
|a vLex Libros (Servicio en ln̕ea)
|
| 856 |
4 |
0 |
|u http://vlex.com/source/derecho-civil-parte-general-6199
|z Acceso restringido
|
| 942 |
|
|
|c BOOK
|
| 999 |
0 |
|
|a Civil law
|